000 00235nam a22000857a 4500
008 160706b xxu||||| |||| 00| 0 eng d
100 _92351
_a Reader's Digest
245 _aHow to do Just About AN.Ything
260 _aNew York
_bReader's Digest
999 _c2028
_d2028